Chorvaty 7 Zerna z istoriji Rusyniv

Bibliographic Details
Main Author: Popovyč, Mychal (Author)
Format: Article
Language:Ukrainian
Subjects:

MARC

LEADER 00000nab a2200000 a 4500
001 vtls000637775
003 SK-MaSNL
005 20260318115132.0
008 160401c1997 xo 0 ukr
015 |a SNBRB19rr/mm-uuuuu 
035 |a CL0637914 
040 |a SNKBUCL  |b slo  |c SNKBUCL  |e AACR2 
041 0 |a ukr 
044 |a xo  |c SK 
080 |a 940.1/.2(=875):940.1/.2(=862)  |2 1981 
080 |a 940.1/.2(=862)  |2 1981 
080 |a 949.71(=875)  |2 1981 
100 1 |a Popovyč, Mychal  |4 aut  |9 901311 
245 1 0 |a Chorvaty 7  |b Zerna z istoriji Rusyniv  |c Mychal Popovyč 
650 0 7 |a Chorváti  |2 snkbucl  |9 31003 
650 0 7 |a Rusíni  |2 snkbucl  |9 4087 
655 7 |a články z novín a časopisov  |2 snkbucl  |9 267496 
773 0 |t Narodny novynky  |g Roč. 7, č. 5-6 (1997), s. 4 
850 |a Slovenská národná knižnica v Martine  |a POA001 
852 |a SNK  |b KIS3GCP 
958 |a RN 
958 |a SK 
958 |a NX 
958 |a RK 
958 |a RBX 
999 |c 3344608  |d 3346538